1056 1983 1506 1040 1260 1736 1322 1160 1478 1848 1374 1052 1810 1360 1196 1587 1168 1923 1830 1251 1064 1301 1037 1704 1752 1376 1001 1406 1232 1649 1283 1681 1806 1126 1567 1726 1365 1017 1490 1919 1273 1367 1723 1084 1540 1384 1970 1275 1668 1412 1779 1866 1164 1547 1604 1896 1760 1151 1037 1438 1970 1400 1887 1716 1076 1789 1264 2000 1537 1083 1011 1017 1243 1254 1405 1858 1514 1314 1933 1955 1156 1864 1398 1851 1409 1076 1914 1191 1262 1437 1137 1041 1552 1052 1385 1494 1751 1963 1220 BCNSPRNW ULIB Ver.6.0+V

เปลี่ยนเป็นภาษาไทย

Change to English
 แสดงรายละเอียดบรรณานุกรม
  กลับหน้าหลัก

Brief Record : Get Marc (ISO 2709) : E-mail record : QR code < ปิดหน้าต่าง
LEADER : 00000nam 2200000uu 4500
001    13399120702
003     ULIB
008    121004s2551||||th 000 0 tha d
020    ^a9789742248376
050 04 ^aBJ1481^bช440ค
100 0  ^aชัยเสฏฐ์ พรหมศรี
245 10 ^aคิดสุข ทุกข์จาง = slim up your life /^cชัยเสฎฐ์ พรหมศรี
250    ^aพิมพ์ครั้งที่ 1
260    ^aกรุงเทพฯ :^bLazy-day,^c2551
300    ^a174 หน้า ;^c19 ซม.
650  7 ^aการดำเนินชีวิต
650  7 ^aความสุข
650  7 ^aจิตวิทยาประยุกต์
945    ^p155^l0^i15725
995    ^aวิภา
999 ^a ใช้งานได้ทุกระบบ
รายการนี้ยังไม่มีแท็ก
คุณยังไม่ได้ล็อกอิน คุณสามารถมีกิจกรรมร่วมกับเว็บไซต์ได้ แต่ต้องล็อกอินก่อน ::
  ล็อกอิน

รายการสื่อสารสนเทศ

ลำดับที่ ประเภท เลขเรียก/บาร์โค้ด สถานที่ สถานะ
1. วิทยาศาสตร์การแพทย์ และสุขภาพ
วิทยาศาสตร์การแพทย์ และสุขภาพ
BJ1481 ช440ค  
  Barcode: 15725
ห้องสมุดวิทยาเขตสวรรค์ประชารักษ์
►หนังสือทั่วไป
บนชั้น

รายการใกล้เคียง
    ผู้แต่ง [ชัยเสฏฐ์ พรหมศรี]

    หัวเรื่อง [การดำเนินชีวิต]
    หัวเรื่อง [ความสุข]
    หัวเรื่อง [จิตวิทยาประยุกต์]

BibComment


ยังไม่เคยถูกคอมเมนท์

คอมเมนท์ทรัพยากรรายการนี้
  คอมเมนท์: คิดสุข ทุกข์จาง ..


 Copyright 2026. Bcnsprnw @Library